Statistics for NBA 2k21 all-time Jazz

Click here to take the quiz!

General Stats

  • This quiz has been taken 27 times
  • The average score is 10 of 15

Answer Stats

OverallPlayer% Correct
97Karl Malone
96%
97John Stockton
96%
88Rudy Gobert
93%
85Donovan Mitchell
85%
95Pete Maravich
78%
89Mark Eaton
78%
92Adrian Dantley
74%
89Andrei Kirilenko
70%
87Deron Williams
67%
84Jeff Hornacek
67%
88Gordon Hayward
52%
88Carlos Boozer
52%
87Darrel Griffith
37%
86Thurl Bailey
33%
86Truck Robinson
22%

Score Distribution

Percentile by Number Answered

Percent of People with Each Score

Your Score History

You have not taken this quiz